Receivership, bankruptcy and liquidation in relation to leased premises (Record no. 99250)

MARC details
000 -LEADER
fixed length control field 00477cam a2200181 4500
001 - CONTROL NUMBER
control field D11671
008 - FIXED-LENGTH DATA ELEMENTS--GENERAL INFORMATION
fixed length control field 090401t xxu||||| |||| 00| 0 eng d
035 ## - SYSTEM CONTROL NUMBER
System control number (Sirsi) u99250
041 ## - LANGUAGE CODE
Language code of text/sound track or separate title eng
050 ## - LIBRARY OF CONGRESS CALL NUMBER
Classification number 346.4104343
100 ## - MAIN ENTRY--PERSONAL NAME
Personal name Totty, P.G.
245 ## - TITLE STATEMENT
Title Receivership, bankruptcy and liquidation in relation to leased premises
350 ## - PRICE (NR) (BK AM CF MU VM SE) [OBSOLETE]
Price 0
520 ## - SUMMARY, ETC.
Summary, etc. In: The Blundell Memorial Lectures May 1977
700 ## - ADDED ENTRY--PERSONAL NAME
Personal name Priday, Christopher
942 ## - ADDED ENTRY ELEMENTS (KOHA)
Suppress in OPAC 0
948 ## - LOCAL PROCESSING INFORMATION (OCLC); SERIES PART DESIGNATOR (RLIN)
c (OCLC) 04/03/1997
Holdings
Withdrawn status Lost status Source of classification or shelving scheme Damaged status Not for loan Home library Current library Shelving location Date acquired Total Checkouts Full call number Barcode Date last seen Copy number Price effective from Koha item type
    Other/Generic Classification Scheme     London London Basement 14/06/2000   IN BLUNDELL MEMORIAL LECTURES 1977 99250-1001 06/08/2019 1 06/08/2019 Book